Subdivision capitals closest to Vukovar (HR) - Statistics

General Stats
  • This quiz has been taken 13 times
  • The average score is 9 of 20
Answer Stats
Distance (km) Answer % Correct
16 129 Beograd
100%
6 67 Novi Sad
100%
1 34 Osijek
83%
11 100 Pécs
67%
10 98 Subotica
67%
12 103 Požega
50%
7 80 Slavonski Brod
50%
3 47 Sombor
50%
17 133 Szeged
50%
18 136 Virovitica
50%
4 55 Brčko
33%
9 94 Tuzla
33%
13 109 Zrenjanin
33%
15 126 Kikinda
17%
2 43 Orašje
17%
20 139 Pančevo
17%
8 86 Šabac
17%
5 64 Sremska Mitrovica
17%
14 113 Szekszárd
17%
19 139 Valjevo
17%
No matching quizzes found
Score Distribution
Percent of People with Each Score
Percentile by Number Answered
Your Score History
You have not taken this quiz